Security costs (Record no. 71432)

MARC details
000 -LEADER
fixed length control field 00970cam a2200253 4500
001 - CONTROL NUMBER
control field ABS66062
008 - FIXED-LENGTH DATA ELEMENTS--GENERAL INFORMATION
fixed length control field 021024n2002 000 0 eng u
035 ## - SYSTEM CONTROL NUMBER
System control number (Sirsi) u120243
100 ## - MAIN ENTRY--PERSONAL NAME
Personal name Emmerson, H.
245 ## - TITLE STATEMENT
Title Security costs
260 ## - PUBLICATION, DISTRIBUTION, ETC.
Date of publication, distribution, etc. 2002
490 ## - SERIES STATEMENT
Series statement Estates Gazette
Volume/sequential designation (0238) 21 September 2002, 200-201(2)
520 ## - SUMMARY, ETC.
Summary, etc. The insurance cover offered by the Pool Reinsurance Co (Pool Re) for terrorism damage. Pool Re will soon be widening its range of terrorist cover, but this may lead to a doubling in the insurance premium. Looks at the implications for tenants, if landlords choose not to, or are unable to insure. Advises that these concerns should be addressed in heads of terms.
590 ## - LOCAL NOTE (RLIN)
Local note ABS
650 ## - SUBJECT ADDED ENTRY--TOPICAL TERM
Topical term or geographic name entry element POOL RE
650 ## - SUBJECT ADDED ENTRY--TOPICAL TERM
Topical term or geographic name entry element TERRORISM
650 ## - SUBJECT ADDED ENTRY--TOPICAL TERM
Topical term or geographic name entry element INSURANCE COVER
650 ## - SUBJECT ADDED ENTRY--TOPICAL TERM
Topical term or geographic name entry element HEADS OF TERMS
650 ## - SUBJECT ADDED ENTRY--TOPICAL TERM
Topical term or geographic name entry element LANDLORDS
650 ## - SUBJECT ADDED ENTRY--TOPICAL TERM
Topical term or geographic name entry element TENANTS
650 ## - SUBJECT ADDED ENTRY--TOPICAL TERM
Topical term or geographic name entry element PROPERTY-COMMERCIAL PROPERTY
690 ## - LOCAL SUBJECT ADDED ENTRY--TOPICAL TERM (OCLC, RLIN)
Topical term or geographic name as entry element Insurance
9 (RLIN) 6249
942 ## - ADDED ENTRY ELEMENTS (KOHA)
Suppress in OPAC 0
Holdings
Withdrawn status Lost status Source of classification or shelving scheme Damaged status Not for loan Home library Current library Shelving location Date acquired Total Checkouts Full call number Barcode Date last seen Copy number Price effective from Koha item type
    Dewey Decimal Classification     London London Journal article 24/10/2002   ABS66062 120243-1001 06/08/2019 1 06/08/2019 Journal article